VitaminWater Quiz Stats

Quiz not verified by Sporcle

Challenge
Share
Tweet
http://www.google.com/imgres?imgurl=http://itsallfreeonline.com/wp-content/uploads/2010/03/Vitamin-Water.jpg&imgrefurl=http://itsallfreeonline.com/free-vitamin-water-on-facebook/&usg=__iDpuYrLO8vUxu0ROxUeEClIfYTc=&h=280&w=280&sz=10&hl=en&start=0&sig2=3Os81o19wTS-uUu9oN_SQA&tbnid=377ORwFghbKUKM:&tbnh=166&tbnw=144&ei=DCBTTM2jHsP88AbUocGCAw&prev=/images%3Fq%3Dvitamin%2Bwater%26um%3D1%26hl%3Den%26client%3Dsafari%26sa%3DN%26rls%3Den%26biw%3D937%26bih%3D672%26tbs%3Disch:1&um=1&itbs=1&iact=rc&dur=621&page=1&ndsp=11&ved=1t:429,r:3,s:0&tx=89&ty=83
Score 0/12 Timer 03:00
0 Plays Today
Flavor Name % Correct
acai-blueberry-pomegranateXXX
87.5%
DragonfruitPower-C
62.5%
Fruit PunchRevive
62.5%
GrapeFormula 50
56.3%
Rasberry- AppleDefense
50%
Kiwi- StrawberryFocus
50%
Tropical CitrusEnergy
50%
OrangeEssential
37.5%
LemomadeMulti-V
31.3%
Berry- Cherrydwnld
31.3%
Grape-BlueberrySpark
25%
Black Cherry- LimeConnect
18.8%

You're not logged in!

Compare scores with friends on all Sporcle quizzes.
Join for Free
OR
Log In

You Might Also Like...

Show Comments

Extras

Created Jul 30, 2010ReportNominate
Tags:flavor, Vitamin Water

Top Quizzes Today


Score Distribution

Your Account Isn't Verified!

In order to create a playlist on Sporcle, you need to verify the email address you used during registration. Go to your Sporcle Settings to finish the process.

Report this User

Report this user for behavior that violates our Community Guidelines.

Details: